| 000 | 00603nam a2200229Ia 4500 | ||
|---|---|---|---|
| 003 | OSt | ||
| 005 | 20221006164055.0 | ||
| 006 | a|||||r|||| 00| 0 | ||
| 007 | ta | ||
| 008 | 221006b |||||||| |||| 00| 0 eng d | ||
| 024 | _a6,692 | ||
| 037 | _cTextual | ||
| 040 |
_aFML _cFML _beng |
||
| 041 |
_2eng _aeng |
||
| 082 | _aP111:4k, RR168N3 | ||
| 100 | _aAbdul Haq Ed. | ||
| 245 | 0 | _aEnglish - Urdu Dictonary | |
| 260 |
_aNew Delhi _bSrar Publication India _c1993 |
||
| 300 |
_a771 _ccm. |
||
| 942 |
_hP111:4k, RR168N3 _cTEXL _2CC |
||
| 999 |
_c1116153 _d1116153 |
||